| 000 | 00392nam a22001457a 4500 | ||
|---|---|---|---|
| 999 |
_c7864 _d7864 |
||
| 003 | OSt | ||
| 005 | 20200527115818.0 | ||
| 008 | 200527b ||||| |||| 00| 0 eng d | ||
| 020 | _a9789881566492 | ||
| 082 |
_a730.92 _bBLA |
||
| 100 | _aBlack, David, | ||
| 245 | _aDavid Black : urban sculpture as proto-architecture | ||
| 260 |
_aHong Kong _bDesign Media Publishing _cJanuary 2013 |
||
| 942 | _2ddc | ||